| 000 | 00571nam a22002177a 4500 | ||
|---|---|---|---|
| 003 | UA-OsUOA | ||
| 001 | 121379 | ||
| 007 | ta | ||
| 008 | 20170320b un ||||| |||| 00| 0 ukr d | ||
| 100 | _aЧобіт Д. | ||
| 090 |
_a94(477) _bЧ-75 |
||
| 942 | _cSA | ||
| 040 |
_aUA-OsUOA _bukr _cUA-OsUOA _dUA-OsUOA |
||
| 245 | _aЗвідки походять назви Галич і Галичина | ||
| 300 | _aС.186-197 | ||
| 955 | _a0 | ||
| 041 | _aukr | ||
| 080 | _a94(477) | ||
| 773 | 0 | _w121377 | |
| 650 | 7 |
_a9 Географія. Біографії. Історія _2UDC |
|
| 999 |
_c407546 _d407546 |
||